The economics of salmon aquaculture

Salvato in:
Dettagli Bibliografici
Autore principale: Bjorndal, Trond (Autore)
Natura: Libro
Lingua:inglese
Pubblicazione: Oxford Blackwell Scientific Publications 1990
Soggetti:
Tags: Aggiungi Tag
Nessun Tag, puoi essere il primo ad aggiungerne!!

MARC

LEADER 00000nam a2200000 a 4500
001 UCV5513
003 CL-VaPUC
008 930902e19900000UK |||||||||||||||||eng|d
082 0 4 |a 338.372755  |b BJO  |2 21 
100 0 |a Bjorndal, Trond  |e author  |9 299848 
245 1 4 |a The economics of salmon aquaculture 
300 |a 118 p 
942 |c BK 
945 |d 19930902 00:00:00 
260 |a Oxford  |b Blackwell Scientific Publications  |c 1990 
650 7 |a SALMON  |2 CL-VaPUC  |9 261349 
650 7 |a PISCICULTURA ASPECTOS ECONOMICOS  |2 CL-VaPUC  |9 262345 
583 |a last modification  |c 19930902 00:00:00  |k Rodrigo Vera 
999 |c 212022  |d 212020 
952 |0 0  |1 0  |4 0  |6 338_372755000000000_BJO_1990  |7 0  |8 CCM  |9 192304  |a BIBCUR  |b BIBCUR  |d 2019-11-14  |i 259675K  |o 338.372755 BJO 1990  |p 259675K  |r 2025-04-22  |w 2019-11-14  |y BK  |k CIM